000 00576nam a2200169 4500
001 112170
003 ES-MaACL
005 20230906185446.0
007 t|
008 061121s1970 sp r ||||1| spa d
100 1 _aMuñoz, Pedro Enrique.
_984334
245 1 0 _aAspectos actuales de la asistencia psiquiátrica /
_cpor el Dr. Pedro Enrique Muñoz.
260 _aMadrid :
_bConfederación Española de Cajas de Ahorros,
_c1970.
300 _a140 p. :
_bil ;
_c21 cm.
710 2 _aConfederación Española de Cajas de Ahorros.
_93148
852 _aES-MaACL
_jC-38604
_bR.73032
999 _c112170
_d112170